| 000 | 00911nam a2200313 a 4500 | ||
|---|---|---|---|
| 003 | AR-BaBNM | ||
| 005 | 20251128210734.0 | ||
| 008 | 082120s2002 ||||||||||||||000 | spa|| | ||
| 020 | _a950-852-084-1 | ||
| 040 | _cAR-BaBNM | ||
| 100 | 1 | _aWalsh, María Elena | |
| 245 | 0 | 0 | _aDailan Kifki |
| 250 | _a3ª ed. | ||
| 260 |
_aBuenos Aires _bEspasa-Calpe _c1998 |
||
| 300 |
_a185 p. _bil. |
||
| 490 | 0 | _aBiblioteca María Elena Walsh | |
| 500 | _aTirada especial para el Plan Social Educativo. Ministerio de Educación, Ciencia y Técnica de la Nación | ||
| 650 | 4 | _aLITERATURA ARGENTINA | |
| 650 | 4 | _aLITERATURA INFANTIL | |
| 650 | 4 | _aLIBROS PARA NIÑOS | |
| 650 | 4 | _aCUENTOS DE ANIMALES | |
| 650 | 4 | _aCUENTOS DE AVENTURAS | |
| 650 | 4 | _aHUMOR | |
| 655 | _aLITERATURA | ||
| 700 | 1 |
_aFuhrmann, Eduardo _eilustrador |
|
| 700 | 1 |
_aFuhrmann, Ricardo _eilustrador |
|
| 942 | _cBK | ||
| 998 | _cMARTIN | ||
| 999 |
_c16684 _d16684 |
||